000 00458nam a2200157Ia 4500
008 230312s9999||||xx |||||||||||||| ||und||
020 _a0805300511
082 _a620.0028
_bETT-S
100 _aEtter, D.M
245 0 _aStructured fortran 77 for engineers and scientists
260 _bBanjamin/Cumming
_aCalifornia
_c1990
300 _a567
546 _aEng.
650 _aManagement
_vArthmetic computations, Control structure, array processing
942 _cBK
999 _c1873
_d1873